Les joueurs français jouant en Liga - Statistiques

Statistiques générales
  • Ce quiz a été pris 162 fois
    7 depuis la dernière actualisation
  • Le résultat moyen est 12 sur 21
Statistiques - réponses
Club Poste Joueur % Correct
Atlético Madrid Attaquant Antoine Griezmann
100%
Real Madrid Milieu de terrain Aurélien Tchouaméni
100%
FC Séville Défenseur Batista Mendy
100%
Atlético Madrid Défenseur Clément Lenglet
100%
Real Madrid Milieu de terrain Eduardo Camavinga
100%
Real Madrid Défenseur Ferland Mendy
100%
Barcelone Défenseur Jule Koundé
100%
Real Madrid Attaquant Kylian Mbappé
100%
Rayo Vallecano Défenseur Nobel Mendy
100%
Rayo Vallecano Défenseur Florian Lejeune
50%
Gérone Milieu de terrain Thomas Lemar
50%
Valence Défenseur Dimitri Foulquier
33%
Villarreal Défenseur Willy Kambwala
33%
Valence Milieu de terrain Baptiste Santamaria
17%
Real Oviedo Milieu de terrain Haissem Hassan
17%
Elche Défenseur Léo Pétrot
17%
FC Séville Milieu de terrain Lucien Agoumé
17%
FC Séville Défenseur Tanguy Nianzou
17%
Osasuna Défenseur Valentin Rosier
17%
Real Oviedo Milieu de terrain Brandon Domingues
0%
Rayo Vallecano Attaquant Randy Nketa
0%
Aucun quiz correspondant
Distribution des résultats
% des personnes avec chaque résultat
Percentile par nombre de réponses
Votre historique - résultats
Vous n’avez pas pris ce quiz depuis la dernière actualisation